PRATHMIK ADIVASI VIMARSH (Record no. 9106)

MARC details
000 -LEADER
fixed length control field 00439nam a22001697a 4500
005 - DATE AND TIME OF LATEST TRANSACTION
control field 20260331125839.0
008 - FIXED-LENGTH DATA ELEMENTS--GENERAL INFORMATION
fixed length control field 260331b |||||||| |||| 00| 0 eng d
020 ## - INTERNATIONAL STANDARD BOOK NUMBER
ISBN 978-93-81056-67-7
041 ## - LANGUAGE CODE
Language code of text/sound track or separate title eng
082 ## - DEWEY DECIMAL CLASSIFICATION NUMBER
Classification number 305.8 PAN-P
100 ## - MAIN ENTRY--AUTHOR NAME
Personal name PANKAJ, ASHWINI KUMAR
245 ## - TITLE STATEMENT
Title PRATHMIK ADIVASI VIMARSH
260 ## - PUBLICATION, DISTRIBUTION, ETC. (IMPRINT)
Place of publication RANCHI
Name of publisher PYARA FOUNDATION RANCHI
300 ## - PHYSICAL DESCRIPTION
Number of Pages 160;P
650 ## - SUBJECT ADDED ENTRY--TOPICAL TERM
Topical Term BHARTIYA GYAN PARAMPARA
942 ## - ADDED ENTRY ELEMENTS (KOHA)
Koha item type Books
Holdings
Lost status Damaged status Collection code Home library Current library Shelving location Date acquired Source of acquisition Cost, normal purchase price Full call number Accession Number Koha item type
    BHARTIYA GYAN PARAMPARA JRU Library JRU Library KAUTILYA BOOK SANGRAH 31/03/2026 PURCHASE 199.00 305.8 29416 Books